Fr. Conceicao Rodrigues College of Engineering

Pascal User Manual & Report (Record no. 27618)

MARC details
000 -LEADER
fixed length control field 00290nam a2200133Ia 4500
100 ## - MAIN ENTRY--PERSONAL NAME
Personal name Jenson/K./ Wirth/N.
245 ## - TITLE STATEMENT
Title Pascal User Manual & Report
260 ## - PUBLICATION, DISTRIBUTION, ETC.
Name of publisher, distributor, etc. Narosa Pub House
Place of publication, distribution, etc. New Delhi
Date of publication, distribution, etc. 1993
300 ## - PHYSICAL DESCRIPTION
Extent 130
546 ## - LANGUAGE NOTE
Language note ENGLISH
654 ## - SUBJECT ADDED ENTRY--FACETED TOPICAL TERMS
Focus term pascal
942 ## - ADDED ENTRY ELEMENTS (KOHA)
Koha item type BOOK
Holdings
Withdrawn status Lost status Damaged status Not for loan Collection Home library Current library Date acquired Source of acquisition Cost, normal purchase price Inventory number Total Checkouts Full call number Barcode Date last seen Cost, replacement price Price effective from Koha item type
        CRC Fr. Agnel's C.Rodrigues College of Engineering Fr. Agnel's C.Rodrigues College of Engineering 17/03/2023 Progressive Books 95.00 3052 dt 20.09.93   4889 17/03/2023 95.00 20/09/1993 BOOK
        CRC Fr. Agnel's C.Rodrigues College of Engineering Fr. Agnel's C.Rodrigues College of Engineering 17/03/2023 Progressive Books 95.00 3052 dt 20.09.93   4890 17/03/2023 95.00 20/09/1993 BOOK